La neurosis como problema de maduración (Record no. 87483)

MARC details
000 -LEADER
campo de control de longitud fija 00780nam a2200205 i 4500
001 - NÚMERO DE CONTROL
campo de control 87483
003 - IDENTIFICADOR DE NÚMERO DE CONTROL
campo de control ES-MaACL
005 - FECHA Y HORA DE LA ÚLTIMA TRANSACCIÓN
campo de control 20230906175659.0
007 - CAMPO FIJO DE DESCRIPCIÓN FÍSICA--INFORMACIÓN GENERAL
campo de control de longitud fija t|
008 - DATOS DE LONGITUD FIJA--INFORMACIÓN GENERAL
campo de control de longitud fija 041222s1954 sp ||||1| spa d
100 1# - ENTRADA PRINCIPAL--NOMBRE DE PERSONA
Nombre de persona Kretschmer, Wolfgang.
9 (RLIN) 68820
245 13 - MENCIÓN DEL TÍTULO
Título La neurosis como problema de maduración
Resto del título : (fundamentos constitucionales del desarrollo de la neurosis) /
Mención de responsabilidad, etc. Wolfgang Kretschmer ; [versión directa del alemán por F. Javier Morales Belda].
260 ## - PUBLICACIÓN, DISTRIBUCIÓN, ETC.
Lugar de publicación, distribución, etc. Madrid :
Nombre del editor, distribuidor, etc. Alhambra,
Fecha de publicación, distribución, etc. 1954 (
Fabricante Suc. de Rivadeneyra)
300 ## - DESCRIPCIÓN FÍSICA
Extensión 101 p. ;
Dimensiones 23 cm.
490 1# - MENCIÓN DE SERIE
Mención de serie Monografías médicas Alhambra
700 1# - ENTRADA AGREGADA--NOMBRE PERSONAL
Nombre de persona Morales Belda, Francisco Javier.
9 (RLIN) 83018
830 0# - PUNTO DE ACCESO ADICIONAL DE SERIE-TÍTULO UNIFORME
Título uniforme Monografías médicas Alhambra
9 (RLIN) 182831
852 ## - LOCALIZACIÓN
Ubicación ES-MaACL
Número de control de estantería 1958-F-5
Sublocalización o colección R.35869
Holdings
Estatus retirado Estado de pérdida Estado de daño No para préstamo Colección Biblioteca de origen Biblioteca actual Ubicación en estantería Fecha de adquisición Fuente de adquisición Total de préstamos Signatura topográfica completa Código de barras Visto por última vez Precio de reemplazo Tipo de ítem Koha
        Colección de folletos Biblioteca del Ateneo de Madrid Biblioteca del Ateneo de Madrid Depósito folletos 17/01/2008     1958-F-5 1091397 23/02/2023 23/02/2023 Folleto